[Event "Rubinstein Memorial 35th"]
[Site "Polanica Zdroj"]
[Date "1998.08.24"]
[Round "7"]
[White "Krasenkow, Michal"]
[Black "Rublevsky, Sergei"]
[Result "1/2-1/2"]
[WhiteElo "2655"]
[BlackElo "2685"]
[Annotator "Huzman,A"]
[PlyCount "34"]
[EventDate "1998.08.17"]
[EventType "tourn"]
[EventRounds "11"]
[EventCountry "POL"]
[EventCategory "17"]
[SourceTitle "CBM 067"]
[Source "ChessBase"]
[SourceDate "1998.11.30"]
[SourceVersion "2"]
[SourceVersionDate "1998.11.01"]
[SourceQuality "1"]

1. Nf3 d5 2. d4 e6 3. c4 dxc4 4. e4 b5 5. a4 c6 6. axb5 cxb5 7. b3 Bb7 8. bxc4
(8. Nbd2 Bb4 9. bxc4 Bxe4 10. Qb3 Nc6 11. cxb5 Bxf3 12. Qxf3 Nxd4 13. Qd3 Rc8
14. Kd1 Rc3 15. Qb1 Nb3 16. Qb2 Qd4 {0-1 Panzer,P-Mueller,K/BL9192 1992}) 8...
Bxe4 9. cxb5 (9. Nbd2 Bb7 (9... Bb4 $1) 10. Qb3 Nf6 11. Qxb5+ Qd7 12. Qxd7+
Nfxd7 13. Rb1 Bc6 14. g3 a5 15. Bg2 Bb4 16. O-O O-O 17. Rb3 Rc8 18. Ba3 Ba4 19.
Re3 Nc6 20. Ra1 Ra7 21. Ne4 $36 {1-0 Bareev,E-Semkov,S/Vrnjacka Banja (10)/
1987/ (40)}) 9... Nf6 10. Be2 (10. Bd3 Bb4+ 11. Kf1 O-O 12. Bxe4 Nxe4 13. Qb3
a5 14. bxa6 Rxa6 15. Rxa6 Nxa6 $17 {[%csl Rd4,Rf1] 0-1 Khalifman,A-Ivanchuk,V/
Tilburg blitz 1994 (24)}) 10... Nbd7 (10... Be7 11. O-O O-O 12. Nc3 (12. Nbd2
Bb7 13. Nc4 a6 14. b6 Nc6 15. Bd2 Nd5 16. Qb3 Bb4 17. Bxb4 Ncxb4 18. Ra5 Nc6
19. Ra4 Nf4 $132 {0-1 Lutz,C-Schlosser,P/Lasker mem 1989 (37)}) 12... Bb7 13.
Ne5 a6 14. Bf3 Nd5 15. Nxd5 exd5 16. Rb1 $1 $16 {1-0 Anand,V-Karpov,A Las
Palmas 96}) 11. O-O Be7 12. Nc3 Bb7 13. Ne5 Qc7 $146 (13... Nxe5 14. dxe5 Nd7
15. Bf4 O-O 16. Bf3 Qc7 17. Rc1 Ba3 18. Nd5 Qd8 19. Ra1 Bb2 20. Nf6+ Nxf6 21.
Bxb7 Bxa1 22. Bxa8 Qxa8 23. Qxa1 Nd5 $15 {0-1 Ivanov,S-Rublevsky,S/RUS-ch m3-4
1997 (31)}) 14. Nc6 (14. Nxd7 Qxd7 (14... Nxd7 15. Bf3 O-O 16. Bf4 $11) 15. b6
$11) (14. Bf3 $5 Qxc3 (14... O-O 15. Nc6 (15. Bxb7 Qxb7 16. Nc6 Bd6 $11 {
[%cal Ya7a6]}) 15... Bd6 16. h3 a6 $132) 15. Bxb7 Qxa1 16. Bxa8 Nxe5 17. dxe5
Qxe5 18. Bc6+ Kf8 19. Be3 $44) 14... Bxc6 (14... Bd6 $6 15. h3 Bxc6 (15... O-O
$142 {[%cal Ya7a6]}) 16. bxc6 Qxc6 17. Nb5 Bb8 (17... O-O 18. Nxd6 Qxd6 19. Ba3
$16) 18. Ba3 $44) 15. bxc6 Qxc6 16. Qb3 $44 {[%cal Ge2f3,Gf3a8,Ga1a7]} Qb6 $1 (
16... Rc8 17. Nb5 O-O 18. Rxa7 $36) 17. Qxb6 Nxb6 (17... Nxb6 18. Nb5 O-O 19.
Rxa7 $11) 1/2-1/2

[Event "Carlos Torre Wimbledon 18th"]
[Site "Merida"]
[Date "2005.12.20"]
[Round "2.2"]
[White "Krasenkow, Michal"]
[Black "Nogueiras Santiago, Jesus"]
[Result "1-0"]
[WhiteElo "2655"]
[BlackElo "2547"]
[Annotator "Huzman,A"]
[PlyCount "72"]
[EventDate "2005.12.19"]
[EventType "k.o."]
[EventRounds "4"]
[EventCountry "MEX"]
[SourceTitle "CBM 111"]
[Source "ChessBase"]
[SourceDate "2006.04.04"]
[SourceVersion "1"]
[SourceVersionDate "2006.04.04"]
[SourceQuality "1"]

1. d4 d5 2. Nf3 e6 3. c4 dxc4 4. Qa4+ Nd7 5. e4 c5 6. Be3 (6. Bxc4 cxd4 7. O-O
(7. Nxd4 Bc5 (7... Qb6 8. Nb3 Bd6 9. Be3 Qc7 10. Nc3 a6 11. Rc1 Qb8 12. Be2
Ngf6 13. g3 O-O $11 {1/2-1/2 Piket,J-Lautier,J/Monte Carlo 1996/CBM 056/[Knaak]
(27)}) 8. Bb3 (8. Nf3 Ngf6 9. Nc3 O-O 10. O-O a6 11. Qc2 b5 12. Bb3 Qc7 13. Bg5
Bb7 14. Rfe1 Rac8 $15 {0-1 Bocharov,D-Demina,J/Novosibirsk 1998/EXT 2000 (60)})
8... Bb6 9. Ne2 Ngf6 10. e5 Nd5 11. Nd2 O-O 12. Nf3 Qc7 {1/2-1/2 Foisor,
O-Karolyi,T/Tbilisi 1986/EXT 98 (12)}) 7... Bc5 (7... Qb6 8. Na3 $1 Ne7 9. Nb5
Ng6 10. Nfxd4 Bc5 11. Nf3 O-O 12. b4 Be7 13. Qb3 a6 14. Be3 Qd8 15. Nbd4 Nde5
16. Nxe5 Nxe5 17. Be2 Bd7 18. Rfd1 $14 {1/2-1/2 Sakaev,K-Khalifman,A/Russia
1997/Inf 69/[Sakaev,K] (72)}) 8. b4 (8. Na3 Ne7 9. b4 (9. Nb5 Nb6 10. Qc2 Nxc4
11. Qxc4 Bb6 12. Bf4 O-O 13. Nc7 Rb8 14. Nb5 Ra8 15. Nfxd4 Bd7 16. Nd6 Ng6 17.
Be3 Qe7 $15 {1/2-1/2 Ivanov,S-Rublevsky,S/Elista 1997/CBM 59 (65)}) 9... Bd6
10. Nb5 Bb8 11. Nbxd4 O-O 12. Qb3 Ne5 13. Be2 Nxf3+ 14. Nxf3 Ng6 15. Rd1 Qf6
16. Bb2 Qf4 17. Qc2 Nh4 18. e5 Nxf3+ 19. Bxf3 Bxe5 20. Bxe5 Qxe5 21. Rac1 $44 {
1/2-1/2 Ivanov,S-Rublevsky,S/Elista 1997/CBM 59 (49)}) (8. Be2 Ngf6 9. Nxd4 O-O
10. Nb3 Bd6 11. Nc3 a6 12. Be3 Rb8 13. Qd4 Be5 14. Qb4 b5 15. Rac1 Bb7 $11 {
1/2-1/2 Xu Jun-Rublevsky,S/Shanghai 2001/CBM 085/[Huzman] (22)}) 8... Bb6 (8...
Bd6 9. e5 Bb8 10. Bf4 (10. Bb2 Ne7 (10... Nh6 $6 11. Bxd4 Nf5 12. Bb2 O-O 13.
Qc2 Nb6 14. Bd3 Nd5 15. a3 $16 {Kuzmin,A-Kharlov,A/Dubai 88/340 2003/[Kuzmin,A]
(27)}) 11. Bxd4 O-O 12. Re1 Nf5 13. Bb2 Nb6 14. Qb3 Nxc4 15. Qxc4 Bd7 $11 {
0-1 Khenkin,I-Rublevsky,S/Moskau Aeroflot-op sp04/4 2004/[Poldauf] (36)}) 10...
Ne7 11. Nbd2 O-O 12. Rfe1 Nb6 13. Qb3 Nxc4 14. Nxc4 $11 {1-0 Sakaev,
K-Rublevsky,S/Russia (ch) 73/437 1998/Inf 73/[Sakaev,K] (34)}) 9. Rd1 (9. Na3
a6 10. Bg5 Ne7 11. Rfd1 O-O 12. Nxd4 Qe8 13. Rac1 Ng6 14. Be2 h6 15. Be3 Qe7
16. Qb3 Nf6 17. Nc6 $16 {1/2-1/2 Solozhenkin,E-Ivanov,J/Algarve 1999/EXT 2000 
(46)}) 9... Ne7 10. Nxd4 Ng6 (10... O-O 11. Bg5 $36) 11. Be3 {1/2-1/2 Popov,
V-Savon,V/St Petersburg 1997/EXT 2000 (11)} (11. Be3 Qf6 12. Nc3 O-O 13. Bf1
Nde5 $11 {1-0 Popov,V-Mazi,L/Warsaw 2005/CBM 108/[Huzman] (35)})) 6... b5 $6 {
A dubious pawn-sacrifice: the R alone won't pose too big a threat for White,
while the passing c5 pawn will considerably limit Black's development.} (6...
cxd4 $5 7. Nxd4 (7. Bxd4 Ne7 $1 8. Bxc4 Nc6 $11) 7... Ngf6 8. Nc3 Be7 9. Bxc4
O-O $11) 7. Qxb5 Rb8 8. Qxc4 Rxb2 9. dxc5 $16 Qa5+ (9... Nxc5 10. Bxc5 Qa5+ 11.
Nbd2 Bxc5 12. Rc1 Bxf2+ 13. Kxf2 Rxd2+ 14. Nxd2 Qxd2+ 15. Be2 $18) 10. Nbd2
Ngf6 11. Rc1 (11. Qc1 $5 Rxa2 (11... Rb4 12. Nd4 $1 $16 Qa4 $140 13. Be2 $1
Rxd4 14. Bd1 $18) 12. Rxa2 Qxa2 13. c6 (13. Be2 Qa5 14. O-O $16) 13... Nb6 14.
c7 Ba3 15. Bb5+ Nfd7 16. Qc3 Bb2 17. Qc2 Qa1+ 18. Qd1 Qa5 19. Be2) (11. Bd4
Rxd2 12. Bc3 Rxa2 13. Rxa2 Qxc5 14. Qxc5 Bxc5 15. Bd3 Bb7 16. Nd2 $16) 11...
Rxa2 (11... Ng4 12. Bd4 Nge5 13. Qc3 Nxf3+ 14. Nxf3 Qxc3+ 15. Bxc3 Rxa2 16. c6
$16) 12. Bd3 (12. c6 Nb6 13. Qb5 Bb4 14. Qxa5 Bxa5 15. Bd3 Ng4 16. Bd4 O-O $13)
12... Ra4 $2 (12... Ng4 $5 13. Bd4 Nge5 14. Bxe5 Nxe5 15. Qb5+ Ke7 16. O-O Qxb5
17. Bxb5 a6 18. Bc4 $36) 13. Qc2 Ra2 14. Qb1 $16 {Black's pieces are tangled
at the queenside, and a loss of material is inevitable.} Ng4 15. Bd4 Bxc5 (
15... Nge5 16. Bxe5 Nxe5 17. Bb5+ Bd7 18. Bxd7+ Nxd7 19. c6 Nb6 20. c7 Nc8 21.
O-O $18) 16. Bxc5 Nxc5 17. O-O $18 Rxd2 18. Qb5+ $1 Qxb5 19. Bxb5+ Bd7 20. Nxd2
Bxb5 21. Rxc5 Bxf1 22. Rc8+ Ke7 23. Rxh8 Bb5 24. Rxh7 g6 25. Rh8 Ne5 26. Ra8
Nc6 27. Nb3 Kd6 28. h4 Bc4 29. Nd2 Bb5 30. g4 Ke5 31. h5 gxh5 32. gxh5 Kf6 33.
Rg8 Ne7 34. e5+ Kxe5 35. Rg5+ f5 36. h6 Kd5 1-0

[Event "EU-ch 6th"]
[Site "Warsaw"]
[Date "2005.06.18"]
[Round "1"]
[White "Popov, Valerij"]
[Black "Mazi, Leon"]
[Result "1-0"]
[WhiteElo "2568"]
[BlackElo "2365"]
[Annotator "Huzman,A"]
[PlyCount "69"]
[EventDate "2005.06.18"]
[EventType "swiss"]
[EventRounds "13"]
[EventCountry "POL"]
[SourceTitle "CBM 108"]
[Source "ChessBase"]
[SourceDate "2005.09.26"]
[SourceVersion "1"]
[SourceVersionDate "2005.09.26"]
[SourceQuality "1"]

1. Nf3 d5 2. c4 e6 3. d4 dxc4 4. Qa4+ Nd7 5. e4 c5 6. Bxc4 cxd4 7. O-O (7. Nxd4
Qb6 (7... Bc5 8. Nf3 (8. Bb3 Bb6 9. Ne2 Ngf6 10. e5 Nd5 11. Nd2 O-O 12. Nf3 Qc7
{1/2-1/2 Foisor,O-Karolyi,T/Tbilisi 1986/EXT 98 (12)}) (8. Nb3 Bd6 $11) 8...
Ngf6 9. Nc3 O-O 10. O-O a6 11. Qc2 b5 12. Bb3 Qc7 13. Bg5 Bb7 14. Rfe1 Rac8 $15
{0-1 Bocharov,D-Demina,J/Novosibirsk 1998/EXT 2000 (60)}) 8. Nb3 Bd6 9. Be3 Qc7
10. Nc3 a6 11. Rc1 Qb8 12. Be2 Ngf6 13. g3 O-O 14. O-O b5 15. Qd4 Bb7 $11 {
1/2-1/2 Piket,J-Lautier,J/Monte Carlo 1996/CBM 056/[Knaak] (27)}) 7... Bc5 (
7... Qb6 8. Na3 $1 Ne7 9. Nb5 Ng6 10. Nfxd4 Bc5 11. Nf3 O-O 12. b4 Be7 13. Qb3
a6 14. Be3 Qd8 15. Nbd4 Nde5 16. Nxe5 Nxe5 17. Be2 Bd7 18. Rfd1 Qe8 19. b5 $14
{1/2-1/2 Sakaev,K-Khalifman,A/Russia 1997/Inf 69/[Sakaev,K] (72)}) 8. Rd1 (8.
Na3 Ne7 9. b4 (9. Nb5 Nb6 10. Qc2 Nxc4 11. Qxc4 Bb6 12. Bf4 O-O 13. Nc7 Rb8 14.
Nb5 Ra8 15. Nfxd4 Bd7 16. Nd6 Ng6 17. Be3 Qe7 $15 {1/2-1/2 Ivanov,S-Rublevsky,
S/Elista 1997/CBM 59 (65)}) 9... Bd6 10. Nb5 Bb8 11. Nbxd4 O-O 12. Qb3 Ne5 13.
Be2 Nxf3+ 14. Nxf3 Ng6 15. Rd1 Qf6 16. Bb2 Qf4 17. Qc2 Nh4 18. e5 Nxf3+ 19.
Bxf3 Bxe5 20. Bxe5 Qxe5 21. Rac1 $44 {1/2-1/2 Ivanov,S-Rublevsky,S/Elista 1997/
CBM 59 (49)}) (8. b4 Bd6 (8... Bb6 9. Na3 a6 10. Bg5 Ne7 11. Rfd1 O-O 12. Nxd4
Qe8 13. Rac1 Ng6 14. Be2 h6 15. Be3 Qe7 16. Qb3 Nf6 17. Nc6 bxc6 18. Bxb6 $16 {
1/2-1/2 Solozhenkin,E-Ivanov,J/Algarve 1999/EXT 2000 (46)}) 9. e5 Bb8 10. Bf4 (
10. Bb2 Ne7 (10... Nh6 11. Bxd4 Nf5 12. Bb2 O-O 13. Qc2 Nb6 14. Bd3 Nd5 15. a3
$16 {1-0 Kuzmin,A-Kharlov,A/Dubai UAE 2003/(78)}) 11. Bxd4 O-O 12. Re1 Nf5 13.
Bb2 Nb6 14. Qb3 Nxc4 15. Qxc4 Bd7 $11 {0-1 Khenkin,I-Rublevsky,S/Moscow 2004/
CBM 100/[Huzman] (36)}) 10... Ne7 11. Nbd2 O-O 12. Rfe1 Nb6 (12... a5 $5) 13.
Qb3 Nxc4 14. Nxc4 $11 {1-0 Sakaev,K-Rublevsky,S/St Petersburg 1998/CBM 67/
[Epishin] (34)}) (8. Be2 Ngf6 9. Nxd4 O-O 10. Nb3 Bd6 11. Nc3 a6 12. Be3 Rb8
13. Qd4 Be5 14. Qb4 b5 15. Rac1 Bb7 16. Rfd1 Bxc3 17. bxc3 Bxe4 18. Nc5 a5 19.
Qb2 Bc6 20. Na6 Rb7 21. Nc5 $11 {1/2-1/2 Xu Jun-Rublevsky,S/Shanghai 2001/CBM
85/[Huzman] (22)}) 8... Ne7 9. b4 Bb6 (9... Bd6 $5 10. Rxd4 (10. e5 Bb8 11. Bb2
O-O 12. Bxd4 Nb6 $132) (10. Nxd4 Qc7 11. Na3 Bxh2+ 12. Kh1 Be5 $13) 10... Qc7
11. Na3 a6 12. Bb5 $1 (12. Bb2 Nc6 13. Rdd1 (13. Rxd6 $5 Qxd6 14. b5 $44) 13...
O-O (13... Bxb4 14. Bxg7 Rg8 15. Bb2 Qf4 $132) 14. b5 Nce5 $11) 12... e5 $1 (
12... O-O 13. Bxd7 Bxd7 14. Qd1 $18) (12... Nc6 13. Bxc6 bxc6 14. Nc4 Be7 15.
Bf4 $1 Qxf4 16. e5 $1 Qh6 17. Qxc6 Rb8 18. Nb6 O-O 19. Nxd7 Bxd7 20. Rxd7 Bxb4
21. Qxa6 $16) 13. Rd1 (13. Rd2 O-O 14. Rc2 Qd8 $11) (13. Rd3 O-O 14. Bg5 Nf6
15. Bxf6 gxf6 16. Rad1 Be6 17. Bc4 Bxc4 18. Nxc4 b5 19. Qa3 Qxc4 20. Rxd6 Qxe4
$11) 13... O-O 14. Be3 Nf6 15. Rac1 Qb8 16. Bd3 b5 $11) 10. Nxd4 Ng6 (10... O-O
11. Bg5 $36) 11. Be3 Qf6 (11... O-O 12. Nc3 Qh4 13. g3 Qe7 14. Be2 $14) 12. Nc3
O-O 13. Bf1 Nde5 {[%cal Ye5g4]} 14. h3 Nf4 (14... Bd7 $5 15. Qb3 Rac8 16. a4 (
16. b5 Nf4 $132) 16... Nc6 $11) (14... Rd8 15. b5 Bd7 16. Qb3 Nf4 $132) 15.
Nce2 Neg6 (15... Nxe2+ 16. Bxe2 Qg6 17. Qc2 Bd7 $11) 16. g3 $2 (16. Nxf4 Nxf4
17. Nb5 $5 Bxe3 18. fxe3 Ng6 19. Nc7 Rb8 20. Qxa7 Bd7 21. b5 $16) 16... e5 (
16... Nxe2+ 17. Bxe2 e5 $17) 17. Nf5 Bxf5 18. exf5 Qxf5 $2 (18... Nxe2+ 19.
Bxe2 Bxe3 20. fxe3 Qg5 $1 (20... Qxf5 21. Qd7 Qg5 $17) 21. fxg6 Qxg3+ 22. Kh1
Qxh3+ 23. Kg1 Qxe3+ 24. Kf1 fxg6+ $19) 19. gxf4 Nxf4 (19... Bxe3 20. fxe3 exf4
21. exf4 Nxf4 22. Qd7 $18) 20. Bxb6 (20. Bxf4 exf4 21. Qd7 $18) 20... axb6 21.
Qb3 Rac8 22. Nc3 (22. Nxf4 Qxf4 23. Qe3 $18) 22... Qg5+ 23. Kh2 Rc6 24. Nd5 $1
$18 Nxd5 25. Rxd5 Rg6 26. Qg3 Qf6 27. Qe3 Rg5 28. Rad1 Rf5 29. Kg1 Rg5+ 30. Kh1
Rf5 31. R1d2 Rc8 32. Rd6 Qh4 33. Qxb6 Qe4+ 34. Bg2 Rc1+ 35. Rd1 1-0

[Event "Metalska Trgovina CC 90"]
[Site "Ljubljana"]
[Date "2002.01.23"]
[Round "5"]
[White "Beliavsky, Alexander G"]
[Black "Kharlov, Andrei"]
[Result "1/2-1/2"]
[WhiteElo "2649"]
[BlackElo "2638"]
[Annotator "Huzman,A"]
[PlyCount "46"]
[EventDate "2002.01.19"]
[EventType "tourn"]
[EventRounds "11"]
[EventCountry "SLO"]
[EventCategory "11"]
[SourceTitle "CBM 088"]
[Source "ChessBase"]
[SourceDate "2002.03.21"]
[SourceVersion "1"]
[SourceVersionDate "2002.03.21"]
[SourceQuality "1"]

1. d4 d5 2. c4 dxc4 3. Nf3 e6 4. e4 b5 5. a4 c6 6. axb5 cxb5 7. b3 Nf6 8. e5
Ne4 9. bxc4 Bb4+ 10. Nbd2 Nc6 11. Bd3 Nc5 12. dxc5 {strangely enough,
Beliavsky doesn't mind trying this dubious line} (12. Be2 Nxd4 13. O-O Bc3 14.
Nxd4 Qxd4 15. Ra2 b4 $19 {0-1 Van der Werf,M-Van den Doel,E/Leeuwarden NED
2001 (54)}) 12... Qxd3 13. cxb5 Qxb5 (13... Nd4 $5 14. Nxd4 (14. Ra2 Qe4+ 15.
Kf1 Qd3+ 16. Ke1 Nxb5 17. Qc2 Qd5 $17) 14... Qxd4 15. Rb1 Qxe5+ (15... Bxc5 16.
Qe2 (16. O-O Qxe5 17. Bb2 Qf5 18. Nb3 Bb6 19. Nd4 Qf4 $17) 16... Bb7 17. O-O
O-O 18. Bb2 Qf4 $15) 16. Qe2 Qxe2+ 17. Kxe2 Bxc5 18. Ne4 Be7 19. Rd1 Bb7 20.
Nd6+ Bxd6 21. Rxd6 Bxg2 22. f3 Bh3 23. Be3 Ke7 24. Ra6 $44) 14. Qe2 Qxe2+ 15.
Kxe2 a5 (15... Bxc5 16. Ne4 Nd4+ 17. Nxd4 Bxd4 18. Nd6+ (18. Ra5 Bb6) 18... Ke7
19. Ra5 $44 Bc3 20. Rc5 Ba6+ 21. Ke3 Bxe5 22. Nxf7 Kxf7 23. Rxe5 $17) 16. Ne4
Ba6+ 17. Ke3 $132 O-O-O (17... O-O $5 18. Ba3 Rfd8 19. Bxb4 Rd3+ 20. Kf4 axb4
21. Nd6 Ne7 $36) 18. Nd6+ Kc7 19. Ba3 $11 Bc3 20. Rab1 Ne7 21. Rhd1 (21. Ng5
Nd5+ 22. Kf3 h6 23. Ngxf7 Rhf8 24. Kg3 Rd7 $17) 21... Nd5+ 22. Rxd5 exd5 23.
Rb3 d4+ (23... d4+ 24. Nxd4 Bxd4+ 25. Kxd4 $44) 1/2-1/2

[Event "EU-ch 3rd"]
[Site "Batumi"]
[Date "2002.06.22"]
[Round "10"]
[White "Graf, Alexander"]
[Black "Izoria, Zviad"]
[Result "1/2-1/2"]
[WhiteElo "2623"]
[BlackElo "2556"]
[Annotator "Huzman,A"]
[PlyCount "40"]
[EventDate "2002.06.12"]
[EventType "swiss"]
[EventRounds "13"]
[EventCountry "GEO"]
[SourceTitle "CBM 090"]
[Source "ChessBase"]
[SourceDate "2002.09.20"]
[SourceVersion "1"]
[SourceVersionDate "2002.09.20"]
[SourceQuality "1"]

1. d4 d5 2. c4 dxc4 3. e3 e6 4. Bxc4 c5 5. Nf3 a6 6. Qe2 b5 7. Bb3 Nf6 8. dxc5
(8. O-O Bb7 9. Nc3 Qc7 10. Rd1 Nbd7 11. Bc2 Be7 12. e4 cxd4 13. Nxd4 O-O 14.
Bg5 Rac8 15. Rac1 Bc5 16. Nb3 Bd6 17. h3 Be5 18. Nd4 h6 19. Be3 Rfd8 $15 {
0-1 Wu Li-Kikoyo,A/Birmingham 2001/EXT 2002 (56)}) 8... Bb7 ({It was also
possible} 8... Bxc5 {but Black want to take pawn on c5 with Nb8.}) 9. a4 Nbd7
10. axb5 axb5 11. Rxa8 Qxa8 12. Qxb5 (12. Nbd2 Nxc5 $5 (12... Qa5 13. O-O Nxc5
$11) 13. Qxb5+ Nfd7 $44 {[%csl Re1][%cal Yb7a6,Ya6f1]}) 12... Bxf3 13. gxf3
Bxc5 (13... Qxf3 14. Rg1 Ne4 15. Qe2 Qxe2+ 16. Kxe2 Ndxc5 17. Bc2 $14) 14. Nd2
O-O $44 {Black has full compensation for the sacrifised pawn. The White king
is weak and the extra pawn b2 is not playing now a great role.} 15. Bc4 (15.
Rg1 Rb8 16. Qa4 Qb7 $44) (15. O-O Rb8 16. Qe2 Bb4 $44) 15... Qa7 (15... Rb8 16.
Qa6 $14) 16. O-O Rb8 17. Qa6 Qc7 18. Rd1 Bb4 19. Bf1 (19. b3 Ne5 20. Bb2 Rd8
21. Bd4 Bc5 $44) 19... Bxd2 20. Bxd2 Qc2 1/2-1/2

[Event "Nordic-ch VISA"]
[Site "Reykjavik"]
[Date "1997.10.08"]
[Round "1"]
[White "Akesson, Ralf"]
[Black "Westerinen, Heikki MJ"]
[Result "0-1"]
[WhiteElo "2520"]
[BlackElo "2410"]
[Annotator "Huzman,A"]
[PlyCount "78"]
[EventDate "1997.10.08"]
[EventType "tourn"]
[EventRounds "13"]
[EventCountry "ISL"]
[EventCategory "10"]
[SourceTitle "CBM 062"]
[Source "ChessBase"]
[SourceDate "1998.01.31"]
[SourceVersion "1"]
[SourceVersionDate "1998.01.31"]
[SourceQuality "1"]

1. Nf3 d5 2. d4 c5 3. c4 dxc4 4. d5 e6 5. Nc3 exd5 6. Qxd5 Qxd5 7. Nxd5 Bd6 8.
e4 Nf6 9. Bxc4 Nc6 10. Nxf6+ (10. O-O Be6 11. Re1 O-O-O 12. Bg5 Ne5 13. Nd2
Nxc4 14. Nxc4 Bxd5 15. exd5 Bc7 16. Ne3 Rhe8 17. Rec1 b6 18. b4 Bd6 19. Nf5 Be5
20. Rab1 Rxd5 21. Ne3 Bxh2+ 22. Kxh2 Rxg5 23. Rc2 Re4 24. a4 Rh4+ 25. Kg1 Rgh5
26. g4 Rh1+ 27. Kg2 R5h2+ 28. Kg3 Ne4+ 29. Kf4 Rxb1 30. Kxe4 Rxb4+ 31. Ke5 Rh6
32. Nc4 Kc7 33. f4 Re6+ 34. Kd5 Rxa4 35. g5 Re1 36. f5 Rd1+ 37. Ke5 Kc6 38. f6
Rd5+ 39. Kf4 gxf6 {0-1 Piket,J-Lalev,D/Lvov 1988/CBM 07}) 10... gxf6 11. Be3
Be6 12. Rc1 Rc8 (12... Bxc4 13. Rxc4 Nb4 $5 {[%cal Yb7b5,Yb4a2,Yb4d3]} 14. a3
$140 Nd3+ 15. Ke2 Nxb2 16. Rc2 Na4 17. Rb1 Rb8 $17) (12... Rg8 $5) 13. O-O (13.
Ke2 $5 $14 {[%cal Gh1d1]}) 13... b6 14. Ba6 (14. Rfd1 Ke7) 14... Rc7 15. Rfd1
Be5 $8 (15... Ke7 $2 16. Rxd6 Kxd6 17. Bf4+ Ne5 18. Nxe5 fxe5 19. Rd1+ Ke7 20.
Bxe5 $18) 16. Nxe5 (16. b3 $14) 16... fxe5 {[%csl Rd4]} 17. Bg5 (17. Bc4 Bxc4
18. Rxc4 Rd7 19. Rd5 Ke7 $11 {[%cal Yh8d8,Ye7e6]}) 17... Rg8 18. f4 {[%cal
Ga6b5,Gb5e8]} Nd4 19. Bf6 Bg4 $1 20. Rd2 (20. Bxe5 $5 Bxd1 21. Bxc7 Bf3 22. g3
Bxe4 23. Kf2 Kd7 24. Be5 $14) 20... Bc8 {[%cal Yd4f3]} 21. Bb5+ Bd7 22. Bxd7+
Rxd7 23. Kf2 Nc6 $1 24. Rcd1 (24. Rxd7 Kxd7 25. f5 Kd6 26. Rc3 {[%cal Gc3h3]}
Rg4 $1 27. Rh3 Rxe4 28. Rxh7 Nd4 29. Rxf7 Rf4+ (29... Re2+ 30. Kf1 Rxb2 $13)
30. Ke1 Rxf5 31. Be7+ (31. g4 Ke6 32. gxf5+ Kxf7 33. Bh8 Kg8 $1 (33... e4 34.
f6 Nf3+ 35. Ke2 Nxh2 36. Ke3 Ng4+ 37. Kxe4 Nxf6+ 38. Ke5 {[%cal Ge5c7,Gc7b7]} (
38. Bxf6 $11) 38... Ne8 39. Kd5 $11 {[%cal Gd5b7]}) 34. Bf6 e4 35. Bxd4 cxd4
36. h4 Kg7 37. h5 $11) 31... Ke6 32. Rxf5 Kxf5 33. Kd2 $14) 24... Rxd2+ 25.
Rxd2 Rg4 (25... exf4 26. Kf3 Rg6 27. Bc3 $14 {[%csl Rf7,Rh7]}) 26. Rd6 (26.
fxe5 Rxe4 27. Rd6 Ne7 $14 {/=}) 26... Rxf4+ (26... exf4 27. Kf3 (27. Rxc6 $2
Kd7 $19) 27... Rg6 28. e5 Nd4+ (28... Ne7 29. Rd2 $14 {[%csl Rf7,Rg6,Rh7]}) 29.
Kxf4 Ne6+ 30. Kf3 $14 {[%csl Rf7,Rg6,Rh7][%cal Ga2a4,Ga4a5]}) 27. Ke3 Rf1 (
27... Rg4 28. b4 Ne7 29. bxc5 bxc5 30. g3 $16) 28. b4 cxb4 $2 (28... Ne7 29.
bxc5 bxc5 30. Bxe5 (30. Ra6 Re1+ 31. Kd3 c4+ 32. Kxc4 Rxe4+ 33. Kc5 Nc8 34. Kd5
$11) 30... Re1+ 31. Kf3 f5 32. Ra6 fxe4+ 33. Kf2 Rd1 34. Ke3 Re1+ $11) 29. Rxc6
Kd7 30. Ke2 Rf4 31. Rc7+ $1 Kd6 $1 32. Bh8 (32. Bd8 $5 Rxe4+ 33. Kf3 Rf4+ 34.
Ke3 a5 35. Rb7 $16) 32... Rxe4+ 33. Kf3 Rf4+ 34. Ke3 a5 35. Rb7 Rg4 36. g3 Rg8
37. Bf6 Rg6 38. Bh8 (38. Bd8 $16 {/+-}) 38... Rg8 39. Bf6 Rg6 {The strange
result of the game is probably explained by finishing the time limit of the
white.} 0-1